Anni di uscita al cinema dei Film del Marvel Cinematic Universe - Statistics

Statistiche generali
  • Questo quiz è stato fatto 185 volte
    52 dall'ultimo reset
  • Il punteggio medio è 17 su 36
Statistiche sulle risposte
Hint Risposta % Corretto
Iron Man 2008
83%
Thunderbolts* 2025
78%
Avengers: Endgame 2019
70%
Avengers: Infinity War 2018
65%
Captain America: Brave New World 2025
65%
L'incredibile Hulk 2008
60%
Deadpool & Wolverine 2024
60%
Iron Man 2 2010
55%
Shang-Chi e la leggenda dei Dieci Anelli 2021
55%
Captain America: Civil War 2016
53%
The Avengers 2012
50%
Iron Man 3 2013
50%
Thor: Ragnarok 2017
50%
Black Panther 2018
50%
Spiderm-Man: Far from Home 2019
50%
Black Widow 2021
50%
Guardiani della Galassia Vol. 3 2023
50%
Captain Marvel 2019
48%
Avengers: Age of Ultron 2015
45%
Guardiani della Galassia Vol. 2 2017
45%
Eternals 2021
45%
Doctor Strange nel Multiverso della Follia 2022
45%
Thor 2011
43%
Captain America - Il primo Vendicatore 2011
43%
Doctor Strange 2016
43%
Ant-Man and the Wasp: Quantumania 2023
40%
Captain America: The Winter Soldier 2014
38%
Guardiani della Galassia 2014
38%
Spider-Man: Homecoming 2017
38%
The Marvels 2023
38%
Ant-Man 2015
35%
Black Panther: Wakanda Forever 2022
35%
Thor: Love and Thunder 2022
35%
Thor: The Dark World 2013
33%
Spider-Man: No Way Home 2021
33%
Ant-Man and the Wasp 2018
25%
Nessun quiz corrispondente trovato
Distribuzione punteggi
Percentuale di utenti per punteggio
Percentile per numero di risposta
I tuoi punteggi nel tempo
Non hai fatto questo quiz dall'ultimo reset